S.Chand's microprocessors GATE PSUs and ES examination / (Record no. 147766)

MARC details
000 -LEADER
fixed length control field 00593nam a22001937a 4500
005 - DATE AND TIME OF LATEST TRANSACTION
control field 20171125144227.0
010 ## - LCCN (DPL NO)
LC control number ENG-121625
020 ## - INTERNATIONAL STANDARD BOOK NUMBER
International Standard Book Number 9789325992289
Terms of availability 195.00
035 ## - SYSTEM CONTROL NUMBER
System control number EN-105157
037 ## - SOURCE OF ACQUISITION
Source of stock number/acquisition DBAD/PUB
082 ## - DEWEY DECIMAL CLASSIFICATION NUMBER
Classification number 000
100 ## - MAIN ENTRY--PERSONAL NAME
Personal name Karna,Satish K.
245 ## - TITLE STATEMENT
Title S.Chand's microprocessors GATE PSUs and ES examination /
Statement of responsibility, etc by Satish K. Karna
260 ## - PUBLICATION, DISTRIBUTION, ETC. (IMPRINT)
Place of publication, distribution, etc New Delhi
Name of publisher, distributor, etc S.Chand & Company
Date of publication, distribution, etc 2016
270 ## - ADDRESS
Address 7361,Ram Nagar
City New Delhi
Postal code 110055
300 ## - PHYSICAL DESCRIPTION
Extent Verious Pagings. :
Dimensions 24cm(pbk)
Other physical details ill.
490 ## - SERIES STATEMENT
Series statement Exam Success Series
942 ## - ADDED ENTRY ELEMENTS (KOHA)
Source of classification or shelving scheme Dewey Decimal Classification
Item type English Books
Classification part 000
Call number suffix KAR
Holdings
Withdrawn status Lost status Not for loan Collection code Home library Current library Date acquired Source of acquisition Cost, normal purchase price Full call number Barcode Copy number Cost, replacement price Koha item type
      Non-fiction Narela Narela 25/11/2017 DBAD/PUB 195.00 000 KAR EN-105157 1 195.00 English Books

© Delhi Public Library
Hit Counter
free hit counter